000 01148nam a2200253Ia 4500
001 ebr10071977
003 CaPaEBR
006 m u
007 cr cn|||||||||
008 050324s2000 dcu s 000 0 eng d
040 _aCaPaEBR
_cCaPaEBR
035 _a(OCoLC)832216072
050 1 4 _aQA76.9.A25
_bS86 2000eb
245 0 0 _aSummary of discussions at a planning meeting on cyber-security and the insider threat to classified information
_h[electronic resource] /
_cComputer Science and Telecommunications Board.
260 _aWashington, D.C. :
_bNational Academy Press,
_cc2000.
300 _a16 p.
533 _aElectronic reproduction.
_bPalo Alto, Calif. :
_cebrary,
_d2009.
_nAvailable via World Wide Web.
_nAccess may be limited to ebrary affiliated libraries.
650 0 _aComputer security.
650 0 _aInformation warfare.
655 7 _aElectronic books.
_2local
710 2 _aNational Research Council (U.S.).
_bComputer Science and Telecommunications Board.
710 2 _aebrary, Inc.
856 4 0 _uhttp://site.ebrary.com/lib/rucke/Doc?id=10071977
_zAn electronic book accessible through the World Wide Web; click to view
999 _c44213
_d44213